[Event "ESP-ch 79th"]
[Site "Linares"]
[Date "2014.08.27"]
[Round "3"]
[White "Sanchez Saez, Francisco"]
[Black "Leon Acosta, Miguel"]
[Result "1/2-1/2"]
[WhiteElo "2319"]
[BlackElo "2047"]
[PlyCount "112"]
[EventDate "2014.08.25"]
[EventType "swiss"]
[EventRounds "9"]
[EventCountry "ESP"]
[SourceTitle "CBM 162 Extra"]
[Source "ChessBase"]
[SourceDate "2014.10.17"]
[SourceVersion "1"]
[SourceVersionDate "2014.10.17"]
[SourceQuality "1"]

1. c4 b6 2. Nc3 Bb7 3. e4 e6 4. g3 Bb4 5. Nge2 f5 6. Bg2 Nf6 7. d3 fxe4 8. 0-0 0-0 9. dxe4 Nc6 10. a3 Bc5 11. b4 Be7 12. h3 a5 13. b5 Ne5 14. Qd4 Ng6 15. Be3 Bc5 16. Qd2 Ne5 17. Bxc5 bxc5 18. Qa2 d6 19. f4 Ned7 20. Rad1 Nb6 21. g4 Nfd7 22. Ng3 Qh4 23. Nce2 g6 24. Qc2 Rf7 25. f5 Ne5 26. fxe6 Re7 27. Qc3 Rxe6 28. Nf4 Rf6 29. Nd5 Bxd5 30. Rxf6 Qxf6 31. Rf1 Qe7 32. cxd5 a4 33. Ne2 Qd7 34. Nf4 Rf8 35. Ne6 Rxf1+ 36. Bxf1 Qf7 37. Be2 h6 38. h4 Qf6 39. g5 hxg5 40. hxg5 Qh8 41. Qg3 Nf7 42. Nxc7 Qd4+ 43. Qf2 Qxf2+ 44. Kxf2 Nxg5 45. Ke3 Nf7 46. Ne8 Kf8 47. Nf6 Ke7 48. Ng4 Ne5 49. Nxe5 dxe5 50. Kd3 Kd6 51. Kc3 g5 52. Bd1 Kc7 53. Bg4 Kd6 54. Be2 Kc7 55. Bd1 Kd6 56. Bg4 Kc7 1/2-1/2

[Event "ESP-ch 78th"]
[Site "Linares"]
[Date "2013.09.03"]
[Round "6"]
[White "Quintin Navarro, Alberto"]
[Black "Leon Acosta, Miguel"]
[Result "1-0"]
[WhiteElo "2241"]
[BlackElo "2005"]
[PlyCount "155"]
[EventDate "2013.08.29"]
[EventType "swiss"]
[EventRounds "9"]
[EventCountry "ESP"]
[SourceTitle "CBM 156 Extra"]
[Source "ChessBase"]
[SourceDate "2013.10.22"]
[SourceVersion "1"]
[SourceVersionDate "2013.10.22"]
[SourceQuality "1"]

1. d4 Nc6 2. Nf3 d6 3. e4 Nf6 4. c3 g6 5. Bd3 Bg7 6. 0-0 0-0 7. h3 e5 8. Be3 exd4 9. cxd4 Nb4 10. Nc3 Nxd3 11. Qxd3 c6 12. b4 d5 13. e5 Bf5 14. Qe2 Ne4 15. Nxe4 Bxe4 16. Nd2 f6 17. f4 Rf7 18. Nb3 Bf8 19. a3 Qb6 20. Rac1 Qb5 21. Qxb5 cxb5 22. Rc3 b6 23. Rfc1 a5 24. bxa5 bxa5 25. Rc8 Rxc8 26. Rxc8 Ra7 27. Nc5 Kf7 28. Nxe4 dxe4 29. d5 Rb7 30. d6 Rd7 31. e6+ Kxe6 32. Rxf8 Rxd6 33. Rb8 Rd3 34. Rb6+ Kf7 35. Kf2 Rxa3 36. Rxb5 Ra2+ 37. Kf1 Ra1+ 38. Ke2 Ra2+ 39. Bd2 a4 40. Ra5 f5 41. Ra7+ Kg8 42. Kd1 Ra1+ 43. Kc2 Rg1 44. Rxa4 Rxg2 45. Ra8+ Kg7 46. Ra7+ Kh6 47. Kd1 Rh2 48. Ra3 Kh5 49. Rg3 h6 50. Kc1 Rf2 51. Kd1 Rh2 52. Kc2 Rf2 53. Kc3 Re2 54. Bc1 Rf2 55. Kd4 Rf3 56. Rg1 Rxh3 57. Ke5 e3 58. Re1 g5 59. Kxf5 gxf4 60. Kxf4 Kg6 61. Bxe3 Rh5 62. Ra1 Rb5 63. Ra6+ Kf7 64. Rxh6 Ke7 65. Ke4 Kd7 66. Bd4 Ra5 67. Kd3 Rg5 68. Ke4 Ra5 69. Be5 Ra4+ 70. Kf5 Ra2 71. Rd6+ Ke7 72. Rc6 Rf2+ 73. Bf4 Kd8 74. Rc4 Kd7 75. Rc7+ Kd8 76. Rf7 Ke8 77. Rb7 Rg2 78. Ke4 1-0

[Event "ESP-ch 78th"]
[Site "Linares"]
[Date "2013.08.30"]
[Round "2"]
[White "Anton Guijarro, David"]
[Black "Leon Acosta, Miguel"]
[Result "1-0"]
[WhiteElo "2570"]
[BlackElo "2005"]
[PlyCount "57"]
[EventDate "2013.08.29"]
[EventType "swiss"]
[EventRounds "9"]
[EventCountry "ESP"]
[SourceTitle "CBM 156 Extra"]
[Source "ChessBase"]
[SourceDate "2013.10.22"]
[SourceVersion "1"]
[SourceVersionDate "2013.10.22"]
[SourceQuality "1"]

1. Nf3 Nf6 2. d4 d6 3. Nc3 Nc6 4. e4 Bg4 5. Be3 e6 6. h3 Bh5 7. d5 exd5 8. exd5 Bxf3 9. Qxf3 Ne5 10. Qe2 Be7 11. 0-0-0 c5 12. f4 Ned7 13. g4 0-0 14. g5 Ne8 15. h4 Nc7 16. Bh3 Re8 17. Rhe1 b5 18. Nxb5 Nxb5 19. Qxb5 Nb6 20. Qd3 c4 21. Qc3 Qc7 22. Qa5 Qb7 23. Bd4 Bf8 24. h5 Rab8 25. g6 fxg6 26. hxg6 c3 27. Bxc3 Nc4 28. Rxe8 Nxa5 29. Be6+ 1-0

[Event "Almansa op 7th"]
[Site "Almansa"]
[Date "2012.08.09"]
[Round "4"]
[White "Leon Acosta, Miguel"]
[Black "Sos Andreu, Eric"]
[Result "1-0"]
[WhiteElo "1985"]
[BlackElo "2165"]
[PlyCount "55"]
[EventDate "2012.08.07"]
[EventType "swiss"]
[EventRounds "9"]
[EventCountry "ESP"]
[SourceTitle "CBM 149 Extra"]
[Source "ChessBase"]
[SourceDate "2012.08.24"]
[SourceVersion "1"]
[SourceVersionDate "2012.08.24"]
[SourceQuality "1"]

1. b3 e5 2. Bb2 Nc6 3. c4 g6 4. Nf3 Bg7 5. e3 Nge7 6. d4 exd4 7. Nxd4 0-0 8. Nxc6 bxc6 9. Bxg7 Kxg7 10. Qd4+ Kg8 11. Nd2 d5 12. 0-0-0 Be6 13. Qc3 Qd6 14. c5 Qd8 15. Ne4 f5 16. Nf6+ Rxf6 17. Qxf6 Bd7 18. h4 Qf8 19. Qxf8+ Rxf8 20. Rd4 Kf7 21. Ra4 Ra8 22. Ba6 Rb8 23. Rd1 Bc8 24. Bxc8 Nxc8 25. Ra6 Ne7 26. Rxa7 Rb4 27. Rd4 Rb5 28. b4 1-0

[Event "Andalucia-ch U18"]
[Site "Almeria"]
[Date "2011.04.19"]
[Round "7.11"]
[White "Espejo Parrales, Erik"]
[Black "Leon Acosta, Miguel"]
[Result "0-1"]
[WhiteElo "1823"]
[BlackElo "1660"]
[PlyCount "96"]
[EventDate "2011.04.16"]
[EventType "swiss"]
[EventRounds "8"]
[EventCountry "ESP"]
[SourceTitle "EXT 2024"]
[Source "ChessBase"]
[SourceDate "2023.10.10"]
[SourceVersion "1"]
[SourceVersionDate "2023.10.10"]
[SourceQuality "1"]

1. Nf3 b6 2. g3 Bb7 3. Bg2 g5 4. d4 g4 5. Nh4 Bxg2 6. Nxg2 Qc8 7. e4 Qb7 8. Qxg4 Nf6 9. Qe2 Nxe4 10. f3 Nf6 11. Be3 d6 12. Nd2 Nbd7 13. Nb3 Bg7 14. a3 c5 15. 0-0 Nd5 16. Bf2 e6 17. Rad1 Ne7 18. Rfe1 0-0-0 19. a4 cxd4 20. Bxd4 Ne5 21. Rf1 Nf5 22. Bc3 Rhg8 23. a5 h5 24. axb6 axb6 25. Nd4 Nxd4 26. Bxd4 Nc6 27. Bxg7 Rxg7 28. Ra1 Kd7 29. Ra4 Ra8 30. Rh4 Rh7 31. Rd1 Qa6 32. Qe4 Rah8 33. Qf4 e5 34. Qf6 Rh6 35. Qxf7+ Ne7 36. Re4 Qa5 37. Ne3 Re6 38. f4 Rhh6 39. fxe5 Rxe5 40. Rxe5 Qxe5 41. Qf4 Qxf4 42. gxf4 Rf6 43. Rf1 d5 44. Kg2 d4 45. Nc4 Nd5 46. Ne5+ Kd6 47. Nd3 Ne3+ 48. Kf2 Nxf1 0-1

[Event "Andalucia-ch U16 1011"]
[Site "Almeria"]
[Date "2011.03.25"]
[Round "2.6"]
[White "Leon Acosta, Miguel"]
[Black "Romero Lopez, Cristina"]
[Result "0-1"]
[WhiteElo "1660"]
[BlackElo "1907"]
[PlyCount "34"]
[EventDate "2011.03.25"]
[EventType "swiss"]
[EventRounds "9"]
[EventCountry "ESP"]
[SourceTitle "EXT 2024"]
[Source "ChessBase"]
[SourceDate "2023.10.10"]
[SourceVersion "1"]
[SourceVersionDate "2023.10.10"]
[SourceQuality "1"]

1. Nc3 e6 2. b3 g6 3. Bb2 d5 4. e3 c5 5. Bb5+ Bd7 6. Bxd7+ Qxd7 7. Nf3 Nc6 8. Qe2 Be7 9. h3 e5 10. g4 d4 11. exd4 cxd4 12. Ne4 Qd5 13. Nfg5 Nb4 14. d3 Rc8 15. Rc1 Nxa2 16. Ra1 Nb4 17. Rc1 h6 0-1